1690s Decade Quiz - Statistics

General Stats
  • This quiz has been taken 2,006 times
  • The average score is 12 of 17
Answer Stats
Hint Answer % Correct
Country which conquered Outer Mongolia China
98%
City in Massachusetts where 19 people were executed for witchcraft Salem
97%
Island group near Argentina which people set foot on for the first time in recorded history {Falkland} Islands
92%
Nickname of Louis XIV, king of France during this decade The {Sun} King
88%
Male grooming choice which Peter the Great taxed in order to make Russia more European Beards
81%
Island off the coast of Tanzania which was captured by the Sultanate of Oman Zanzibar
80%
Sect formed in Switzerland by followers of Jakob Ammann which still uses 17th century technology today Amish
75%
Island where an earthquake killed 60,000 – destroying the city of Catania Sicily
75%
Central bank which was founded in order to finance naval construction Bank of {England}
74%
Bengal-speaking city whose written history began with the arrival of the East India Company Kolkata
74%
Building feature which England starting taxing (and would continue taxing until 1851) Windows
70%
Scientist who, as head of the Royal Mint, led an effort to recall all existing Sterling coinage and replace it with newly-minted coins Isaac Newton
63%
London bank founded in 1690 which would sponsor the English Premier League 311 years later Barclays
51%
Religious crime for which Thomas Aikenhead was executed, the last time this would happen in British history Blasphemy
49%
Second oldest university in the United States which was founded and named after the reigning monarchs in England William & Mary
49%
Musical work likely written in this decade which remained in obscurity until 1968 but is now commonly played at weddings Pachelbel's {Canon}
46%
Type of story which Charles Perrault compiled in "Histoires ou contes du temps passé" {Fairy} {tale}
39%
No matching quizzes found
Score Distribution
Percent of People with Each Score
Percentile by Number Answered
Your Score History
You have not taken this quiz